000 00306nam a2200133Ia 4500
100 _aAntoniou andreas
942 _cBK
654 _aanalysis & design
245 _aDigital filters: analysis & design
260 _bTata Mc Graw hill
_aNew Delhi
_c1992
300 _a524
546 _aENGLISH
999 _c31287
_d31287